An Illustrated Catalogue Of Oil Paintings In The Collection Of The Asiatic Society (Record no. 215887)

MARC details
000 -LEADER
fixed length control field 00635nam a2200205 4500
005 - DATE AND TIME OF LATEST TRANSACTION
control field 20260415122047.0
010 ## - LCCN (DPL NO)
LC control number ENG-148282
020 ## - INTERNATIONAL STANDARD BOOK NUMBER
International Standard Book Number 9788197004179
Terms of availability 2500.00
035 ## - SYSTEM CONTROL NUMBER
System control number EN-131814
037 ## - SOURCE OF ACQUISITION
Source of stock number/acquisition DBAD
082 ## - DEWEY DECIMAL CLASSIFICATION NUMBER
Edition number 2025
Classification number 751
100 ## - MAIN ENTRY--PERSONAL NAME
Personal name Mahammad Isha
245 ## - TITLE STATEMENT
Title An Illustrated Catalogue Of Oil Paintings In The Collection Of The Asiatic Society
Statement of responsibility, etc Mahammad Isha
250 ## - EDITION STATEMENT
Edition statement 2025
260 ## - PUBLICATION, DISTRIBUTION, ETC. (IMPRINT)
Place of publication, distribution, etc Kolkata
Name of publisher, distributor, etc Anant Sinha
270 ## - ADDRESS
Address The Asiatic Society 1 Park Street
City India
Postal code 700016
300 ## - PHYSICAL DESCRIPTION
Extent 215.pg
Dimensions 7cm(hb)
700 ## - ADDED ENTRY--PERSONAL NAME
Personal name Somnath Mukherjee
9 (RLIN) 88915
942 ## - ADDED ENTRY ELEMENTS (KOHA)
Source of classification or shelving scheme Dewey Decimal Classification
Item type English Books
Edition 2025
Classification part 751
Call number suffix MAH
Holdings
Withdrawn status Lost status Not for loan Collection code Home library Current library Date acquired Source of acquisition Cost, normal purchase price Full call number Barcode Copy number Cost, replacement price Koha item type
    Not For Loan Non-fiction D.B.Act.Division D.B.Act.Division 15/04/2026 DBAD 2500.00 751 MAH EN-131814 1 2500.00 English Books

© Delhi Public Library
Hit Counter
free hit counter